000 00578nam a2200217Ia 4500
005 20250508164024.0
008 008 250505s9999 xx 000 0 hin d
037 _aTextBook
040 _aFEDL
_beng
_cFEDL
041 _ahin
_2eng
084 _a301, DOS
_qFEDL
100 _aDoshi S L
_9138730
245 0 _aSamajshatra : Nai dishaey
260 _aJaipur, India
_bNational Publishing House
_c2002
300 _axiv, 481p
365 _aINR
_b150
650 _aSociology
700 _a Jain P C
_9777096
942 _cTB
_h301, DOS
999 _c1386619
_d1386619